01466nam a22003977a 4500003000500000005001700005008004100022010001000063011001000073020001500083035001100098040000900109082001600118100002400134245009700158260005700255300003000312490003800342500004000380590004100420590004100461590004100502590004200543650003100585650002200616650003100638650003800669650003900707710003900746830004500785901000700830942001000837949006800847999001700915952013600932CHAP20220329143445.0091022s2006 es a r 00010 eng d a96930 a97902 a926410951X a108574 cCHAP00a621.32bW131 aWaide, Paul912080610aLight's labour's lost :bpolicies for energy-efficient lightingc/by Paul Waide ... [et al.] aParis :bOECD :bInternational Energy Agency,cc2006 a558 p. :bilus., gráfs. 0aEnergy efficiency policy profiles aIn support of the G8 plan of action aBATCH-UPDb10c20130110lUCH01h1426 aBATCH-UPDb10c20130410lUCH01h0905 aBATCH-UPDb10c20130914lUCH01h1307 aCONVERSIONb10c20130109lUCH01h135414aAlumbrado electrico.9473014aEnergía.93688114aEnergíaxConsumo.93688414aEnergíaxEstadísticas.93688514aEnergíaxInvestigación.9368862 aInternational Energy Agency959699 0aEnergy efficiency policy profiles936920 aBK cLIBRO a621.32 W13bBCcLIBROd33724002125033eLIBROh111139i108574sb c96930d96930 00102ddc4052708GRALaBCbBCcPP_GRALd2019-12-31fLIBROl0o621.32 W13p33724002125033r2019-12-31 00:00:00w2019-12-31yLIBRO